| 000 | 01450cam a22003371i 4500 | ||
|---|---|---|---|
| 003 | SA-RiAUC | ||
| 005 | 20241219100805.0 | ||
| 008 | 241219s1985 le g 00000dara c | ||
| 040 |
_aKW-ShULA _bara _cSA-RiAUC _erda |
||
| 043 | _aa-iq--- | ||
| 050 | 4 | _bD43 1985 | |
| 082 | 0 | 4 | _a956.721 |
| 090 |
_a956.721 _bذ هـ ب |
||
| 100 | 1 |
_aالذهبي، محمد بن أحمد بن عثمان، _d673-748 هجري _eمؤلف. |
|
| 245 | 1 | 2 |
_aالمختصر المحتاج إليه من تاريخ الحافظ أبي عبد الله الدبيثي / _cاختصره الذهبي. |
| 250 | _aالطبعة الأولى. | ||
| 264 | 1 |
_aبيروت : _bدار الكتب العلمية، _c1985 |
|
| 300 |
_aمجد ؛ _c24 سم |
||
| 336 |
_aنص _btxt _2rdacontent _3كتاب |
||
| 337 |
_aبدون وسيط _bn _2rdamedia |
||
| 338 |
_aمجلد _bnc _2rdacarrier |
||
| 651 | 7 |
_aبغداد (العراق) _xتاريخ _2aucsh |
|
| 651 | 7 |
_aبغداد (العراق) _vتراجم _2aucsh |
|
| 700 | 1 | 2 |
_aابن الدبيثي، محمد بن سعيد بن يحيى، _d558-637 هجري _tذيل تاريخ بغداد. |
| 700 | 1 | 2 |
_aالخطيب البغدادي، أحمد بن علي بن ثابت، _d392-463 هجري |
| 740 | 0 | 2 | _aذيل تاريخ بغداد. |
| 740 | 0 | 2 | _aتاريخ بغداد، أو، مدينة السلام. |
| 740 | 0 | 2 | _aمدينة السلام. |
| 942 |
_2ddc _cBOOK _n0 |
||
| 949 |
_aSA-JeALM _d241219 _ueid123 _n1 |
||
| 999 |
_c3669 _d3669 |
||